Nuevo sueña 2 : (Record no. 24529)
[ view plain ]
| 000 -LEADER | |
|---|---|
| fixed length control field | 01552nam a22003855a 4500 |
| 005 - DATE AND TIME OF LATEST TRANSACTION | |
| control field | 20170325143611.0 |
| 006 - FIXED-LENGTH DATA ELEMENTS--ADDITIONAL MATERIAL CHARACTERISTICS--GENERAL INFORMATION | |
| fixed length control field | m||||fq||h 00| 0 |
| 008 - FIXED-LENGTH DATA ELEMENTS--GENERAL INFORMATION | |
| fixed length control field | 170325s2015 sp a fr 000 0 spa d |
| 020 ## - INTERNATIONAL STANDARD BOOK NUMBER | |
| International Standard Book Number | 9788469807637 |
| 040 ## - CATALOGING SOURCE | |
| Original cataloging agency | EG-ScBUE |
| Language of cataloging | eng |
| Transcribing agency | EG-ScBUE |
| 082 04 - DEWEY DECIMAL CLASSIFICATION NUMBER | |
| Classification number | 468.24076 |
| Item number | CAB |
| Edition number | 22 |
| 100 1# - MAIN ENTRY--PERSONAL NAME | |
| Personal name | Cabrerizo Ruiz, Aránzazu. |
| 245 10 - TITLE STATEMENT | |
| Title | Nuevo sueña 2 : |
| Remainder of title | español lengua extranjera : libro del alumno / |
| Statement of responsibility, etc | directora y coordinadora del proyecto Ángeles Álvarez Martínez, coordinadora del nivel medio Ana Blanco Canales ; autoras, Aránzazu Cabrerizo Ruiz, Luisa Gómez Sacristán, Ana Ruiz Martinez. |
| 246 33 - VARYING FORM OF TITLE | |
| Title proper/short title | New Dream 2 : |
| Remainder of title | Spanish Foreign Language : student's book |
| 246 33 - VARYING FORM OF TITLE | |
| Title proper/short title | Nuevo suena 2 : |
| Remainder of title | espanol lengua extranjera : libro del alumno |
| 250 ## - EDITION STATEMENT | |
| Edition statement | 4a. edición |
| 250 ## - EDITION STATEMENT | |
| Edition statement | 4th ed. |
| 260 ## - PUBLICATION, DISTRIBUTION, ETC. (IMPRINT) | |
| Place of publication, distribution, etc | [Madrid] : |
| Name of publisher, distributor, etc | Anaya, |
| Date of publication, distribution, etc | 2015. |
| 300 ## - PHYSICAL DESCRIPTION | |
| Extent | 219 p. : |
| Other physical details | ill. (col.) ; |
| Dimensions | 29 cm + |
| Accompanying material | 2 audio CDs. |
| 490 0# - Series Statement | |
| Series statement | Anaya ELE en |
| 490 0# - Series Statement | |
| Series statement | Nuevo Sueña |
| 521 3# - TARGET AUDIENCE NOTE | |
| Target audience note | for B1. |
| 650 #7 - SUBJECT ADDED ENTRY--TOPICAL TERM | |
| Topical term or geographic name as entry element | Spanish language |
| Form subdivision | Textbooks for foreign speakers. |
| Source of heading or term | BUEsh |
| 650 #7 - SUBJECT ADDED ENTRY--TOPICAL TERM | |
| Topical term or geographic name as entry element | Spanish language |
| Form subdivision | Problems, exercises, etc. |
| Source of heading or term | BUEsh |
| 650 #7 - SUBJECT ADDED ENTRY--TOPICAL TERM | |
| Topical term or geographic name as entry element | Spanish language |
| General subdivision | Spoken Spanish |
| Geographic subdivision | Spain. |
| Source of heading or term | BUEsh |
| 650 #7 - SUBJECT ADDED ENTRY--TOPICAL TERM | |
| Topical term or geographic name as entry element | Lengua española |
| Form subdivision | Métodos. |
| Source of heading or term | BUEsh |
| 651 ## - SUBJECT ADDED ENTRY--GEOGRAPHIC NAME | |
| Source of heading or term | BUEsh |
| 653 ## - INDEX TERM--UNCONTROLLED | |
| Resource For college | Humanities: English |
| -- | Generalities |
| -- | |
| Arrived date list | March2017 |
| 655 ## - INDEX TERM--GENRE/FORM | |
| Form subdivision | Reading book |
| -- | 34232 |
| 700 1# - ADDED ENTRY--PERSONAL NAME | |
| Personal name | Álvarez Martínez, Ángeles, |
| Relator term | compiler. |
| 700 1# - ADDED ENTRY--PERSONAL NAME | |
| Personal name | Blanco Canales, Ana, |
| Relator term | compiler. |
| 700 1# - ADDED ENTRY--PERSONAL NAME | |
| Personal name | Sacristán Gomez, Luisa. |
| 700 1# - ADDED ENTRY--PERSONAL NAME | |
| Personal name | Ruiz Martínez, Ana. |
| 942 ## - ADDED ENTRY ELEMENTS (KOHA) | |
| Source of classification or shelving scheme | Dewey Decimal Classification |
| Withdrawn status | Item status | Source of classification or shelving scheme | Damaged status | Not for loan | Vendor | Home library | Current library | Shelving location | Date acquired | Source of acquisition | Total Checkouts | Full call number | Barcode | Date last seen | Date last borrowed | Koha item type | Public note | Materials specified (bound volume or other part) |
|---|---|---|---|---|---|---|---|---|---|---|---|---|---|---|---|---|---|---|
| Dewey Decimal Classification | Baccah | Central Library | Central Library | Second Floor | 25/03/2017 | Purchase | 1 | 468.24076 CAB | 000041463 | 15/07/2025 | 05/08/2021 | Book - Borrowing | student's book | |||||
| Dewey Decimal Classification | Baccah | Central Library | Central Library | First floor | 25/03/2017 | Purchase | 468.24076 CAB | 000041464 | 24/08/2022 | CD | DVD - With book | CD. 1. From 1 to 4. | Lost In Inventory_2018-08-12 | ||||||
| Lost | Dewey Decimal Classification | Baccah | Central Library | Central Library | First floor | 25/03/2017 | Purchase | 468.24076 CAB | 000041465 | 25/03/2017 | CD | DVD - With book | CD. 2. From 5 to 10. | Lost In Inventory_2018-08-12 | |||||
| Dewey Decimal Classification | Baccah | Central Library | Central Library | Second Floor | 25/03/2017 | Purchase | 468.24076 CAB | 000041466 | 15/07/2025 | Book - Borrowing | student's book | |||||||
| Lost | Dewey Decimal Classification | Baccah | Central Library | Central Library | First floor | 25/03/2017 | Purchase | 468.24076 CAB | 000041467 | 25/03/2017 | CD | DVD - With book | CD. 1. From 1 to 4. | Lost In Inventory_2018-08-12 | |||||
| Dewey Decimal Classification | Baccah | Central Library | Central Library | First floor | 25/03/2017 | Purchase | 468.24076 CAB | 000041468 | 06/08/2024 | CD | DVD - With book | CD. 2. From 5 to 10. | Lost In Inventory_2018-08-12 | ||||||
| Dewey Decimal Classification | Baccah | Central Library | Central Library | Second Floor | 25/03/2017 | Purchase | 468.24076 CAB | 000041469 | 15/07/2025 | Book - Borrowing | student's book | |||||||
| Dewey Decimal Classification | Baccah | Central Library | Central Library | First floor | 25/03/2017 | Purchase | 468.24076 CAB | 000041470 | 24/08/2022 | CD | DVD - With book | CD. 1. From 1 to 4. | Lost In Inventory_2018-08-12 | ||||||
| Dewey Decimal Classification | Baccah | Central Library | Central Library | First floor | 25/03/2017 | Purchase | 468.24076 CAB | 000041471 | 06/08/2024 | CD | DVD - With book | CD. 2. From 5 to 10. | Lost In Inventory_2018-08-12 |